[Event "WchT Seniors 50"]
[Site "Prague"]
[Date "2025.02.25"]
[Round "8.3"]
[White "Nordenbaek, Jan"]
[Black "Sagalchik, Olga"]
[Result "1-0"]
[WhiteElo "2192"]
[BlackElo "2097"]
[PlyCount "59"]
[EventDate "2025.02.17"]
[EventType "team-swiss"]
[EventRounds "9"]
[EventCountry "CZE"]
[SourceTitle "CB09_2025"]
[SourceDate "2025.02.27"]
[SourceVersion "1"]
[SourceVersionDate "2025.02.27"]
[SourceQuality "1"]
[WhiteTeam "Denmark (50)"]
[BlackTeam "USA (W) 50"]
[WhiteTeamCountry "DEN"]
[BlackTeamCountry "USA"]

1. e4 c5 2. Nf3 d6 3. d4 cxd4 4. Nxd4 Nf6 5. Nc3 a6 6. Bg5 Qb6 7. a3 Nc6 8. Nb3 Ng4 9. Qd2 Be6 10. Nd5 Bxd5 11. exd5 Nce5 12. h3 Nf6 13. Bxf6 gxf6 14. Be2 Rc8 15. 0-0 f5 16. Rac1 Ng6 17. a4 Bg7 18. a5 Qa7 19. c3 Be5 20. Ra1 Nf4 21. Ra4 Nxe2+ 22. Qxe2 f4 23. Qg4 Qb8 24. Rb4 Qc7 25. Nd2 Rb8 26. Nc4 Qd7 27. Qh5 e6 28. Nxe5 dxe5 29. Qxe5 0-0 30. Qg5+ 1-0

[Event "WchT Seniors 50"]
[Site "Prague"]
[Date "2025.02.20"]
[Round "4.3"]
[White "Nordenbaek, Jan"]
[Black "Mengerink, Ynze"]
[Result "1/2-1/2"]
[WhiteElo "2192"]
[BlackElo "2101"]
[PlyCount "42"]
[EventDate "2025.02.17"]
[EventType "team-swiss"]
[EventRounds "9"]
[EventCountry "CZE"]
[SourceTitle "CB09_2025"]
[SourceDate "2025.02.27"]
[SourceVersion "1"]
[SourceVersionDate "2025.02.27"]
[SourceQuality "1"]
[WhiteTeam "Denmark (50)"]
[BlackTeam "Zuid Limburg 50"]
[WhiteTeamCountry "DEN"]
[BlackTeamCountry "NED"]

1. e4 c6 2. d4 d5 3. e5 Bf5 4. Nf3 e6 5. Be2 Nd7 6. 0-0 h6 7. Nbd2 Ne7 8. a4 Qc7 9. Nb3 Bg6 10. Re1 Nf5 11. g4 Ne7 12. Nh4 Bh7 13. f4 0-0-0 14. Bd3 Bxd3 15. cxd3 h5 16. gxh5 g6 17. Nf3 Rxh5 18. Ng5 Nf5 19. Nxf7 Re8 20. a5 Be7 21. Re2 Rh7 1/2-1/2

[Event "EU-chT Seniors 50"]
[Site "Terme Catez"]
[Date "2024.05.15"]
[Round "9.3"]
[White "Nordenbaek, Jan"]
[Black "Thorhallsson, Throstur"]
[Result "1/2-1/2"]
[WhiteElo "2126"]
[BlackElo "2383"]
[PlyCount "31"]
[EventDate "2024.05.07"]
[EventType "team-swiss"]
[EventRounds "9"]
[EventCountry "SLO"]
[SourceTitle "CBM 220 Extra"]
[Source "ChessBase"]
[SourceDate "2024.07.31"]
[SourceVersion "1"]
[SourceVersionDate "2024.07.31"]
[SourceQuality "1"]
[WhiteTeam "Denmark"]
[BlackTeam "Iceland 50"]
[WhiteTeamCountry "DEN"]
[BlackTeamCountry "ISL"]

1. e4 c5 2. Nf3 Nc6 3. d4 cxd4 4. Nxd4 Qb6 5. Nb3 Nf6 6. Nc3 e6 7. Be3 Qc7 8. Bd3 a6 9. 0-0 d6 10. f4 Be7 11. a3 b5 12. Qf3 Bb7 13. Qh3 b4 14. axb4 Nxb4 15. Na5 d5 16. e5 1/2-1/2

[Event "EU-chT Seniors 50"]
[Site "Terme Catez"]
[Date "2024.05.08"]
[Round "2.3"]
[White "Druckenthaner, Andreas"]
[Black "Nordenbaek, Jan"]
[Result "1/2-1/2"]
[WhiteElo "2225"]
[BlackElo "2126"]
[PlyCount "41"]
[EventDate "2024.05.07"]
[EventType "team-swiss"]
[EventRounds "9"]
[EventCountry "SLO"]
[SourceTitle "CBM 220 Extra"]
[Source "ChessBase"]
[SourceDate "2024.07.31"]
[SourceVersion "1"]
[SourceVersionDate "2024.07.31"]
[SourceQuality "1"]
[WhiteTeam "Austria 50"]
[BlackTeam "Denmark"]
[WhiteTeamCountry "AUT"]
[BlackTeamCountry "DEN"]

1. e4 e5 2. Nf3 Nc6 3. g3 Nf6 4. d3 Bc5 5. Bg2 d6 6. 0-0 a6 7. Nc3 h6 8. Be3 Bxe3 9. fxe3 Ne7 10. Nh4 Bg4 11. Qd2 Qd7 12. d4 Bh3 13. Nf5 Bxf5 14. exf5 c6 15. Rad1 Qc7 16. dxe5 dxe5 17. Ne4 Ned5 18. Nxf6+ Nxf6 19. Qb4 Qe7 20. Qb6 0-0 21. Rd3 1/2-1/2

[Event "DEN-ch Blitz op"]
[Site "Avedore"]
[Date "2023.05.14"]
[Round "8"]
[White "Nordenbaek, Jan"]
[Black "Sylvan, Jacob"]
[Result "0-1"]
[WhiteElo "2141"]
[BlackElo "2325"]
[PlyCount "46"]
[EventDate "2023.05.14"]
[EventType "swiss (blitz)"]
[EventRounds "13"]
[EventCountry "DEN"]
[SourceTitle "CBM 214 Extra"]
[Source "ChessBase"]
[SourceDate "2023.07.31"]
[SourceVersion "1"]
[SourceVersionDate "2023.07.31"]
[SourceQuality "1"]

1. e4 c5 2. Nf3 e6 3. Nc3 Nc6 4. d4 cxd4 5. Nxd4 Qc7 6. g3 a6 7. Bg2 d6 8. 0-0 Bd7 9. Be3 Be7 10. f4 Nf6 11. Nb3 Rc8 12. a4 Na5 13. Nxa5 Qxa5 14. e5 dxe5 15. Bxb7 Rd8 16. Qf3 exf4 17. Qxf4 0-0 18. Rad1 Rb8 19. Bf3 Rxb2 20. Bd4 Bc5 21. Ne4 Bxd4+ 22. Rxd4 Nd5 23. Ng5 Nxf4 0-1

[Event "Copenhagen Obro New Year op"]
[Site "Copenhagen"]
[Date "2022.12.28"]
[Round "3"]
[White "Nordenbaek, Jan"]
[Black "Hector, Jonny"]
[Result "0-1"]
[WhiteElo "2123"]
[BlackElo "2451"]
[PlyCount "56"]
[EventDate "2022.12.27"]
[EventType "swiss"]
[EventRounds "7"]
[EventCountry "DEN"]
[SourceTitle "CBM 211 Extra"]
[Source "ChessBase"]
[SourceDate "2023.01.31"]
[SourceVersion "1"]
[SourceVersionDate "2023.01.31"]
[SourceQuality "1"]

1. e4 e5 2. Nf3 Nc6 3. Bc4 Nf6 4. Ng5 d5 5. exd5 Na5 6. Bb5+ c6 7. dxc6 bxc6 8. Bd3 Nd5 9. Nf3 Bd6 10. 0-0 0-0 11. Re1 Bg4 12. h3 Bxf3 13. Qxf3 f5 14. c4 e4 15. Qd1 Nf4 16. Bf1 c5 17. d3 Nxd3 18. Bxd3 exd3 19. Re3 Qf6 20. Nc3 Nxc4 21. Qb3 Qf7 22. Rxd3 Rfe8 23. Rd1 Rab8 24. Qc2 Qe6 25. Kf1 f4 26. Qd3 Be5 27. Ne4 Nxb2 28. Bxb2 c4 0-1

[Event "DEN-ch Rapid"]
[Site "Hvidovre"]
[Date "2021.11.28"]
[Round "6"]
[White "Nielsen, Viktor Haarmark"]
[Black "Nordenbaek, Jan"]
[Result "1-0"]
[WhiteElo "2241"]
[BlackElo "2180"]
[PlyCount "109"]
[EventDate "2021.11.28"]
[EventType "swiss (rapid)"]
[EventRounds "7"]
[EventCountry "DEN"]
[SourceTitle "EXT 2025"]
[Source "ChessBase"]
[SourceDate "2024.10.14"]
[SourceVersion "1"]
[SourceVersionDate "2024.10.14"]
[SourceQuality "1"]

1. e4 c5 2. Nf3 Nc6 3. d4 cxd4 4. Nxd4 Nf6 5. Nc3 e5 6. Ndb5 d6 7. Bg5 a6 8. Na3 b5 9. Nd5 Be7 10. Bxf6 Bxf6 11. c4 b4 12. Nc2 0-0 13. g3 a5 14. Bg2 Be6 15. 0-0 Rc8 16. Qd3 g6 17. Rad1 Bg7 18. b3 f5 19. exf5 gxf5 20. f4 Qd7 21. Kh1 Qa7 22. Qe3 Qxe3 23. Ndxe3 exf4 24. gxf4 Rfd8 25. Bd5 Bxd5+ 26. Rxd5 Ne7 27. Rxa5 d5 28. Nxb4 dxc4 29. Nxc4 Bc3 30. Rb5 Rd4 31. Nc2 Rd5 32. Rg1+ Kf8 33. Rxd5 Nxd5 34. Rg5 Ne7 35. N2e3 Rc5 36. a4 h6 37. Rg2 Nd5 38. Rc2 Bb4 39. Ne5 Rxc2 40. Nxc2 Bd2 41. Nd3 Ke7 42. Nd4 Kf6 43. Ne2 Ke6 44. Kg2 Kd6 45. Kf3 Ne7 46. Kg3 Ng6 47. Kf3 Kd5 48. Ng3 Ne7 49. Ke2 Bc3 50. Nf1 Ke4 51. b4 Nd5 52. b5 Ba5 53. Ng3+ Kd4 54. Nxf5+ Kc4 55. Ne3+ 1-0

[Event "DEN-ch Blitz B"]
[Site "Svendborg"]
[Date "2021.10.22"]
[Round "1"]
[White "Nordenbaek, Jan"]
[Black "Munksgaard, Dennis"]
[Result "1-0"]
[WhiteElo "2157"]
[BlackElo "1970"]
[PlyCount "73"]
[EventDate "2021.10.22"]
[EventType "tourn"]
[EventRounds "7"]
[EventCountry "DEN"]
[SourceTitle "EXT 2025"]
[Source "ChessBase"]
[SourceDate "2024.10.14"]
[SourceVersion "1"]
[SourceVersionDate "2024.10.14"]
[SourceQuality "1"]

1. e4 e5 2. Nf3 Nc6 3. Bc4 Nf6 4. Ng5 d5 5. exd5 Na5 6. Bb5+ c6 7. dxc6 bxc6 8. Bd3 Be7 9. 0-0 h6 10. Ne4 Nxe4 11. Bxe4 0-0 12. d3 f5 13. Bf3 Qc7 14. Nc3 Rb8 15. a3 Bd6 16. h3 Bd7 17. b4 Nb7 18. Bb2 Rbe8 19. Bh5 Re6 20. d4 e4 21. d5 Re7 22. dxc6 Bxc6 23. Nd5 Bxd5 24. Qxd5+ Kh8 25. c4 Be5 26. Bxe5 Rxe5 27. Qd4 Qe7 28. Rad1 Rd8 29. Qxa7 Rd7 30. c5 Red5 31. c6 Rxd1 32. Rxd1 Rxd1+ 33. Bxd1 Qd6 34. Ba4 Qd2 35. cxb7 Qc1+ 36. Bd1 Qxd1+ 37. Kh2 1-0

[Event "DEN-ch Blitz B"]
[Site "Svendborg"]
[Date "2021.10.22"]
[Round "6"]
[White "Rasmussen, Allan Stig"]
[Black "Nordenbaek, Jan"]
[Result "1-0"]
[WhiteElo "2566"]
[BlackElo "2157"]
[PlyCount "37"]
[EventDate "2021.10.22"]
[EventType "tourn"]
[EventRounds "7"]
[EventCountry "DEN"]
[SourceTitle "EXT 2025"]
[Source "ChessBase"]
[SourceDate "2024.10.14"]
[SourceVersion "1"]
[SourceVersionDate "2024.10.14"]
[SourceQuality "1"]

1. c4 Nf6 2. Nc3 c5 3. Nf3 e6 4. e3 d5 5. cxd5 exd5 6. d4 Nc6 7. Bb5 a6 8. Bxc6+ bxc6 9. 0-0 Be7 10. dxc5 Bxc5 11. b3 0-0 12. Bb2 Bg4 13. Rc1 Bd6 14. Ne2 Rc8 15. Ne5 Bxe2 16. Qxe2 Qc7 17. Rxc6 Qb8 18. Rxc8 Rxc8 19. Nf3 1-0